000 00237nam a2200097Ia 4500
008 240331s9999 xx 000 0 und d
082 _bHER
100 _aHerath, R.B
245 0 _aSri Lankan ethnic crisis :
_btowards a resolution
942 _cL
999 _c3474
_d3474